000
00306nam a22001217a 4500
020
_a
9788180230264
082
_a
823
_b
DSP/G
245
_a
THE STORY OF GOLDILOCKS AND THE THREE BEARS
260
_a
DELHI
_b
D S PUBLISHERS
520
_a
ENGLISH SHORT STORY
650
_a
ENGLISH SHORT STORY
_z
DELHI
942
_c
BK
999
_c
5467
_d
5467